Abrévations des pays à la coupe du monde 2022 - Statistiques

Statistiques générales
  • Ce quiz a été pris 233 fois
  • Le résultat moyen est 30 sur 32
Statistiques - réponses
Abreviation Pays % Correct
QAT Qatar
99%
BEL Belgique
98%
ESP Espagne
98%
USA États-Unis
98%
ENG Angleterre
97%
ARG Argentine
97%
AUS Australie
97%
FRA France
97%
JPN Japon
97%
MEX Mexique
97%
POL Pologne
97%
POR Portugal
97%
SRB Serbie
97%
TUN Tunisie
97%
GER Allemagne
96%
BRA Brésil
96%
CRO Croatie
96%
GHA Ghana
96%
SEN Sénégal
96%
SUI Suisse
96%
URU Uruguay
96%
DEN Danemark
95%
ECU Équateur
95%
NED Pays Bas
95%
KOR Corée du Sud
93%
CAN Canada
92%
MAR Maroc
91%
IRN Iran
89%
CMR Cameroun
87%
WAL Pays de Galles
84%
CRC Costa Rica
64%
KSA Arabie Saoudite
60%
Aucun quiz correspondant
Distribution des résultats
% des personnes avec chaque résultat
Percentile par nombre de réponses
Votre historique - résultats
Vous n’avez pas pris ce quiz